The visitor / (Record no. 2254)

MARC details
000 -LEADER
fixed length control field 01395cam a22003133a 4500
005 - DATE AND TIME OF LATEST TRANSACTION
control field 20231114081509.0
020 ## - INTERNATIONAL STANDARD BOOK NUMBER
International Standard Book Number 0590629786
020 ## - INTERNATIONAL STANDARD BOOK NUMBER
International Standard Book Number 9780545291521
040 ## - CATALOGING SOURCE
Original cataloging agency OCO
Transcribing agency OCO
Modifying agency ECL
-- OCL
-- OCLCQ
-- DLC
Language of cataloging eng
050 00 - LIBRARY OF CONGRESS CALL NUMBER
Classification number PZ7.A6484
082 ## - DEWEY DECIMAL CLASSIFICATION NUMBER
Classification number 813.54
100 1# - MAIN ENTRY--PERSONAL NAME
Personal name Applegate, Katherine
245 14 - TITLE STATEMENT
Title The visitor /
Statement of responsibility, etc. K.A. Applegate
250 ## - EDITION STATEMENT
Edition statement This edition first printing, May 2011
260 ## - PUBLICATION, DISTRIBUTION, ETC.
Place of publication, distribution, etc. New York :
Name of publisher, distributor, etc. Scholastic,
Date of publication, distribution, etc. 1996
300 ## - PHYSICAL DESCRIPTION
Extent 175 pages :
Dimensions 19 cm
490 1# - SERIES STATEMENT
Series statement Animorphs ;
Volume/sequential designation #02
500 ## - GENERAL NOTE
General note "An Apple paperback."
505 ## - FORMATTED CONTENTS NOTE
Formatted contents note K
520 ## - SUMMARY, ETC.
Summary, etc. Rachel is still reeling from the news that the Earth is secretly under attack by parasitic aliens known as the Yeerks. And that she and her friends-five kids who, purely by chance, stumbled onto a downed spacecraft and were given the power to morph into any animal they touch-are the planet's only defense. But Rachel's always been something of a daredevil. So when it's suggested that they infiltrate the home of their assistant principal, Mr. Chapman, who also happens to be a human host of the Yeerks, she volunteers. But what she finds inside may be more than even she can handle.
521 ## - TARGET AUDIENCE NOTE
Target audience note 530
Source Lexile
521 ## - TARGET AUDIENCE NOTE
Target audience note K
Source Raz-Plus
650 ## - SUBJECT ADDED ENTRY--TOPICAL TERM
Topical term or geographic name entry element cat
650 ## - SUBJECT ADDED ENTRY--TOPICAL TERM
Topical term or geographic name entry element feline
655 #7 - INDEX TERM--GENRE/FORM
Genre/form data or focus term Young adult fiction.
Source of term lcsh
906 ## - LOCAL DATA ELEMENT F, LDF (RLIN)
a 7
b cbc
c copycat
d 2
e ncip
f 19
g y-genrareb
942 ## - ADDED ENTRY ELEMENTS (KOHA)
Source of classification or shelving scheme Dewey Decimal Classification
Koha item type Books
Suppress in OPAC No
999 ## -
-- 2254
-- 2254
Holdings
Withdrawn status Lost status Source of classification or shelving scheme Damaged status Not for loan Collection Home library Current library Shelving location Date acquired Total Checkouts Full call number Barcode Date last seen Price effective from Koha item type
    Dewey Decimal Classification     Juvenile Fiction Footprints International School Library Network Toul Kork Campus Footprints International School Library Network Toul Kork Campus TK Primary Library Room(4th Floor), Bookcase 3&4, Shelves 17-32, Yellow Books 11/14/2023   APP 813.54 PZ7.A6484 FISTK00060 11/14/2023 11/14/2023 Books